Instant web forms an surveys for academic libraries. (Record no. 1846)

MARC details
005 - DATE AND TIME OF LATEST TRANSACTION
control field 20250430151121.0
020 ## - INTERNATIONAL STANDARD BOOK NUMBER
International Standard Book Number 1-55570-412-3
082 ## - DEWEY DECIMAL CLASSIFICATION NUMBER
Classification number LECT 027.7 JUN
100 ## - MAIN ENTRY--PERSONAL NAME
Author name JUNION. M, G.
245 ## - TITLE STATEMENT
Title Instant web forms an surveys for academic libraries.
260 ## - PUBLICATION, DISTRIBUTION, ETC.
Place of publication, distribution, etc. London,
Name of publisher, distributor, etc. Neal-Schuman Publishers,
Date of publication, distribution, etc. 2001.
300 ## - PHYSICAL DESCRIPTION
Extent xiii, 267p.: ill.; tables.
Other physical details index,
Dimensions 28cm.
700 ## - ADDED ENTRY--PERSONAL NAME
Other authors/Editors METZ, D, L.
942 ## - ADDED ENTRY ELEMENTS (KOHA)
Source of classification or shelving scheme Dewey Decimal Classification
Koha item type Books
Holdings
Date last seen Total checkouts Full call number Barcode Cost, replacement price Price effective from Koha item type Lost status Source of classification or shelving scheme Damaged status Not for loan Withdrawn status Home library Current library Shelving location Date acquired Cost, normal purchase price
04/30/2025   LECT 027.7 JUN 0000007203 60000.00 04/30/2025 Books   Dewey Decimal Classification       College of Business Education Main Library College of Business Education Main Library General Collection 10/08/2009 20000.00